000 00803nam a2200265Ia 4500
003 OSt
005 20220930091734.0
006 a|||||r|||| 00| 0
007 ta
008 220926b |||||||| |||| 00| 0 eng d
024 _a9921
037 _cTheses
040 _aCRL
_cCRL
_beng
041 _2eng
_aeng
100 _aDeepak Kumar Au.
_9546497
110 _aUniversity of Delhi. Faculty of Science. Department of Chemistry
245 0 _aLibrary of aryls, alkyl aryls and heteroaryls as biodynamic agents
260 _c2013
300 _a263p.
_ap.
_ccm.
650 _aCHEMISTRY
700 _a Rawat Diwan S. Gu.
_9543810
700 _aUniversity of Delhi. Faculty of Science. Department of Chemistry
942 _cDIS
_2CC
999 _c882551
_d882551